000 00669nam a2200229Ia 4500
003 OSt
005 20220923230703.0
006 a|||||r|||| 00| 0
007 ta
008 Pun
024 _a304,754
037 _cTextual
040 _aARTS
_cARTS
_bPun
041 _2Pun
_aPun
082 _aV2N5:51, 153L0
100 _aਦਿਉਲ, ਮੇਜਰ ਗੁਰਦੇਵ
_9158683
245 0 _aਵੀਰ ਪਰੰਪਰਾ - ਸੁਤੰਤਰਤਾ ਉਪਰੰਤ
260 _c1970
650 _aਭਾਰਤੀਯ ਇਤਿਹਾਸ
942 _hV2N5:51, 153L0
_cTEXL
_2CC
999 _c386561
_d386561